Технология впечатлений как метод конкурентной борьбы; Экономика России в XXI веке

Podrobná bibliografie
Parent link:Экономика России в XXI веке.— 2013.— [С. 350-353]
Hlavní autor: Суханкина Р. Е.
Korporativní autor: Национальный исследовательский Томский политехнический университет (ТПУ) Институт социально-гуманитарных технологий (ИСГТ) Кафедра истории и регионоведения (ИСТ)
Další autoři: Лычагина М. С. (научный руководитель), Борисова Л. М. Людмила Михайловна
Shrnutí:Заглавие с титульного экрана
Сегодня с ростом уровня требований потребителей к товарам и услугам производителям становится все труднее оформить желания, потребности в товарную форму. Неценовые методы борьбы за потребительские рынки уже не дают прежнего эффекта. Возникает необходимость чего-то нового, что позволило бы компаниям качественно изменить свой бизнес. Этим "новым" может стать "технология впечатления". Этот метод способен полностью изменить восприятие потребителя о товаре, повысить ценность и увеличить спрос на данную продукцию или услугу.
Jazyk:ruština
Vydáno: 2013
Edice:Современные тенденции развития бухгалтерского, управленческого и финансового учета в России
Témata:
On-line přístup:http://www.lib.tpu.ru/fulltext/c/2013/C40/121.pdf
Médium: Elektronický zdroj Kapitola
KOHA link:https://koha.lib.tpu.ru/cgi-bin/koha/opac-detail.pl?biblionumber=606356

MARC

LEADER 00000naa2a2200000 4500
001 606356
005 20231101132410.0
035 |a (RuTPU)RU\TPU\conf\3735 
035 |a RU\TPU\conf\3726 
090 |a 606356 
100 |a 20140527d2013 k y0rusy50 ca 
101 0 |a rus 
102 |a RU 
105 |a y z 101zy 
135 |a drgn ---uucaa 
181 0 |a i  
182 0 |a b 
200 1 |a Технология впечатлений как метод конкурентной борьбы  |f Р. Е. Суханкина, М. С. Лычагина  |g науч. рук. Л. М. Борисова 
203 |a Текст  |c электронный 
225 1 |a Современные тенденции развития бухгалтерского, управленческого и финансового учета в России 
230 |a 1 компьютерный файл (pdf; 398 Кб) 
300 |a Заглавие с титульного экрана 
320 |a [Библиогр.: с. 352-353 (5 назв.)] 
330 |a Сегодня с ростом уровня требований потребителей к товарам и услугам производителям становится все труднее оформить желания, потребности в товарную форму. Неценовые методы борьбы за потребительские рынки уже не дают прежнего эффекта. Возникает необходимость чего-то нового, что позволило бы компаниям качественно изменить свой бизнес. Этим "новым" может стать "технология впечатления". Этот метод способен полностью изменить восприятие потребителя о товаре, повысить ценность и увеличить спрос на данную продукцию или услугу. 
337 |a Adobe Reader 
463 0 |0 (RuTPU)RU\TPU\conf\3320  |t Экономика России в XXI веке  |o сборник научных трудов Х Всероссийской научно-практической конференции "Фундаментальные проблемы модернизации экономики России", г. Томск, 19-23 ноября 2013 г.  |f Национальный исследовательский Томский политехнический университет (ТПУ) ; под ред. Г. А. Барышевой и др.  |v [С. 350-353]  |d 2013 
610 1 |a труды учёных ТПУ 
610 1 |a электронный ресурс 
610 1 |a впечатления 
610 1 |a конкурентная борьба 
610 1 |a потребители 
610 1 |a потребительские рынки 
700 1 |a Суханкина  |b Р. Е. 
701 1 |a Лычагина  |b М. С. 
702 1 |a Борисова  |b Л. М.  |c экономист  |c доцент Томского политехнического университета, кандидат экономических наук  |f 1976-  |g Людмила Михайловна  |2 stltpush  |4 727 
712 0 2 |a Национальный исследовательский Томский политехнический университет (ТПУ)  |b Институт социально-гуманитарных технологий (ИСГТ)  |b Кафедра истории и регионоведения (ИСТ)  |h 38  |2 stltpush  |3 (RuTPU)RU\TPU\col\18372 
801 2 |a RU  |b 63413507  |c 20140527  |g RCR 
856 4 |u http://www.lib.tpu.ru/fulltext/c/2013/C40/121.pdf 
942 |c BK